[Event "National-chT China 2017"]
[Site "Beijing"]
[Date "2017.06.07"]
[Round "2"]
[White "Sun, Fanghui"]
[Black "Yuan, Ye"]
[Result "1/2-1/2"]
[WhiteElo "2056"]
[BlackElo "2292"]
[Annotator "NA"]
[PlyCount "100"]
[EventDate "2017.??.??"]
[EventCountry "CHN"]
[SourceTitle "playchess.com"]
[Source "ChessBase"]
[SourceQuality "1"]
[TimeControl "40/5400+30:1800+30"]

{[%evp 12,80,-7,-33,-31,-33,-31,-41,-43,-39,-33,-43,-29,-44,-27,-31,-32,-55,-13,-13,-13,-19,-14,-31,-33,-35,-31,-32,-37,-30,-17,-33,-19,-11,-14,-29,-36,-58,-58,-58,-51,-50,-46,-56,-9,-77,-76,-72,-72,-72,-58,-60,-60,-66,-67,-79,-8,-77,0,0,0,-24,-22,-24,-24,-24,-24,-24,-24,-349,-24]} 1. e4 c5 2. c3 d5 3. exd5 Qxd5 4. d4 Nc6 5. Nf3 Bf5 6. Na3 {B22: Sicilian: 2 c3} (6. Be3 Nf6 7. Qb3 cxd4 8. Nxd4 Nxd4 9. Bxd4 a6 10. Nd2 e6 11. Be2 O-O-O 12. Nc4 Bc5 13. O-O Be4 14. Rfd1 {1-0 (32) Jones,G (2676)-Pichot,A (2556) Sharjah 2017}) 6... cxd4 7. cxd4 {LiveBook: 4 Games} e6 8. Nb5 {[#] Black must now prevent Nc7+.Black is slightly better.} Qd7 $146 ({Predecessor:} 8... Bb4+ 9. Bd2 Rc8 10. Rc1 Bxd2+ 11. Qxd2 Nf6 12. Bc4 Qd8 13. O-O {½-½ (99) Shreyans,K (2231)-Akash,G (2404) Kolkata 2012}) 9. a3 a6 10. Nc3 Rd8 11. Be3 Nf6 12. Be2 Be7 13. O-O O-O 14. Ne5 Qd6 15. Nxc6 Qxc6 16. Bf3 Qd7 17. Qb3 b5 18. Rfd1 Bg4 19. Bxg4 Nxg4 20. Bf4 Nf6 (20... Bd6 $5 {[%cal Rd6f4]} 21. Ne2 Rfe8 $11) 21. Rac1 Qb7 22. Be5 Rd7 23. Ne2 Nd5 24. Nf4 Nxf4 25. Bxf4 Rfd8 26. h3 h6 27. Qg3 Kh8 28. Qe3 (28. Be5 $11 {remains equal.} f6 29. Bc7) 28... Bf6 $17 29. Be5 Bxe5 30. Qxe5 Rd5 31. Qc7 Qxc7 32. Rxc7 $15 {Endgame KRR-KRR} Kg8 33. Ra7 R8d6 ({Black should play} 33... Rxd4 $17 34. Rxd4 Rxd4) 34. Rc1 (34. Kf1 $11 {keeps the balance.}) 34... Rf5 (34... Rxd4 $17 35. Rc8+ Rd8) 35. Rc8+ $11 Kh7 36. Rcc7 Kg6 37. Rd7 Rxd7 38. Rxd7 Rd5 39. Rxd5 exd5 40. f3 $2 {[#]} (40. g3 $1 $11 {and White has nothing to worry.}) 40... Kf5 $2 {Precision: White = 38%, Black = 65%.} (40... h5 $1 $19 41. h4 Kf5) 41. Kf2 h5 42. Kg3 g5 43. h4 f6 44. hxg5 fxg5 45. Kf2 Kf4 46. g3+ Kf5 47. Kg2 Kf6 48. Kh3 Kf5 49. Kg2 Kf6 50. Kh3 Kf5 1/2-1/2

[Event "National-chT China 2017"]
[Site "Beijing"]
[Date "2017.06.07"]
[Round "2"]
[White "Zhang, Xiao"]
[Black "Hong, Xing"]
[Result "1/2-1/2"]
[WhiteElo "1913"]
[BlackElo "1992"]
[Annotator "NA"]
[PlyCount "156"]
[EventDate "2017.??.??"]
[EventCountry "CHN"]
[SourceTitle "playchess.com"]
[Source "ChessBase"]
[SourceQuality "1"]
[TimeControl "40/5400+30:1800+30"]

1. d4 Nf6 2. c4 e6 3. Nf3 d5 4. cxd5 exd5 5. Bg5 c6 6. Qc2 {D30: Queen's Gambit Declined: Systems without Nc3} g6 (6... Be7 7. e3 Nbd7 8. Nc3 Nh5 9. Bxe7 Qxe7 10. O-O-O Nb6 11. Ne5 g6 12. Qb3 Nf6 13. h3 Be6 14. f3 Nfd7 15. Nd3 O-O 16. Nf4 c5 17. dxc5 Nxc5 18. Qa3 Rac8 {0-1 (52) Sokolov,I (2650)-Korobov,A (2680) Dubai 2014}) 7. e3 Bf5 8. Bd3 Bxd3 9. Qxd3 Be7 $146 ({Predecessor:} 9... Nbd7 10. O-O a5 11. Nc3 Bg7 12. Ne5 O-O 13. f4 Qc7 14. Bxf6 Nxf6 {½-½ (45) Dinstuhl,B (2330)-Hofmann,M Germany 1991}) 10. Bh6 Ng4 11. Bg7 Rg8 12. Be5 Nxe5 13. Nxe5 f6 14. Nf3 Nd7 15. Nc3 Nb6 16. h4 h5 17. Nd2 Qd7 18. O-O-O O-O-O 19. Kb1 Kb8 20. Ne2 Bd6 21. e4 dxe4 22. Nxe4 Nd5 23. N2c3 Nxc3+ 24. bxc3 Be7 25. Rhe1 f5 26. Ng5 Bxg5 27. Qg3+ Qd6 28. Qxd6+ Rxd6 29. hxg5 Kc7 30. Re7+ Rd7 31. Rde1 Rgd8 32. Kc2 Rxe7 33. Rxe7+ Rd7 34. Re8 Rd8 35. Re5 Kd6 36. c4 b6 37. f4 h4 38. Re3 Rh8 39. Rh3 Rh7 40. Kd3 a6 41. a4 b5 {[#]} (41... a5 $11 {keeps the balance.}) 42. c5+ $1 Ke6 43. Re3+ $16 Kd7 44. axb5 axb5 45. d5 cxd5 46. Kd4 Kc7 47. Kxd5 Rd7+ 48. Ke6 Rd2 49. Rh3 Rxg2 50. Rxh4 Rg4 51. Rxg4 fxg4 52. f5 g3 53. fxg6 g2 54. g7 g1=Q 55. g8=Q Qe3+ 56. Kf6 Qf4+ 57. Kg6 Qe4+ 58. Kg7 Qd4+ 59. Kh6 Qh4+ 60. Kg6 Qe4+ 61. Kh5 Qh1+ 62. Kg6 Qe4+ 63. Kf6 Qd4+ 64. Kf5 Qxc5+ 65. Ke4 Qc2+ 66. Kd4 Qf2+ 67. Kc3 Qe1+ 68. Kd4 Qf2+ 69. Ke4 Qe2+ 70. Kd4 Qf2+ 71. Kd3 Qf3+ 72. Kc2 Qe4+ 73. Kd2 Qd4+ 74. Kc1 Qc3+ 75. Kb1 b4 76. Qf7+ Kd6 77. Qf6+ Qxf6 78. gxf6 Ke5 1/2-1/2

[Event "National-chT China 2017"]
[Site "Beijing"]
[Date "2017.06.07"]
[Round "2"]
[White "Liu, Chuming"]
[Black "Li, Chao b"]
[Result "0-1"]
[WhiteElo "1335"]
[BlackElo "2720"]
[Annotator "TA"]
[PlyCount "70"]
[EventDate "2017.??.??"]
[EventCountry "CHN"]
[SourceTitle "playchess.com"]
[Source "ChessBase"]
[SourceQuality "1"]

{[%evp 13,70,29,31,0,12,0,0,0,0,-34,-42,-26,-35,-70,-68,-72,-70,-74,-70,-76,-78,-77,-79,-77,-77,-77,-75,-72,-66,-93,-94,-97,-90,-90,-91,-106,-120,-188,-177,-237,-234,-227,-177,-226,-187,-352,-197,-237,-237,-237,-234,-276,-226,-226,-226,-370,-227,-322,-312]} 1. d4 Nf6 2. c4 g6 3. Nc3 d5 4. Bf4 Bg7 5. e3 O-O 6. Nf3 c5 7. dxc5 Be6 {LiveBook: 9 Games} 8. Be2 {D93: Grünfeld: 4 Nf3 Bg7 5 Bf4 0-0 6 e3} (8. Nd4 Nc6 9. Nxe6 fxe6 10. Be2 Qa5 11. O-O Qxc5 12. Na4 Qa5 13. a3 dxc4 14. Bxc4 Nd5 15. b4 Qd8 {1-0 (44) Shimanov,A (2565)-Gubernatorov,S (2311) St Petersburg 2011}) 8... dxc4 $146 ({Predecessor:} 8... Qa5 9. O-O dxc4 10. Ng5 Qxc5 11. Qa4 Bd7 12. Qxc4 Qxc4 13. Bxc4 Nc6 14. Rfd1 Na5 15. Be2 Rac8 {1-0 (55) Kiss,P (2286)-Kanyadi,Z (2111) Hungary 2016}) 9. Qxd8 Rxd8 10. Nd4 {The position is equal.} Bd5 11. O-O Nbd7 {Threatens to win with ...e5.} 12. Bg5 Nxc5 13. Bxf6 Bxf6 14. Nxd5 Rxd5 15. Bxc4 Rd7 16. Nb3 Nxb3 ({Don't play} 16... Bxb2 17. Nxc5 Rc7 18. Rab1 $11) 17. Bxb3 Bxb2 18. Rad1 Rc7 19. Rd3 Be5 20. f4 Bd6 21. e4 b5 22. e5 Bc5+ 23. Kh1 a5 24. f5 gxf5 25. Rxf5 (25. Rg3+ $17 Kf8 26. Rxf5) 25... e6 $19 26. Rg3+ (26. Rg5+ $142 Kh8 27. Rg4) 26... Kh8 27. Rf1 Bd4 28. Rgf3 Raa7 ({Not} 28... Bxe5 29. Rxf7 Rxf7 30. Rxf7 $15) 29. Re1 $2 {[#]} (29. Rb1) 29... Bxe5 $1 {[%mdl 512]} 30. g4 (30. Rxe5 Rc1+) 30... Rc5 31. a4 Kg7 32. axb5 Rxb5 {And now ...a4 would win.} 33. Re4 Rab7 34. Ree3 (34. Ba4 {might work better.} Rb1+ 35. Kg2 R7b2+ 36. Rf2 Rxf2+ 37. Kxf2 Bxh2 38. g5) 34... Rc5 35. Kg2 (35. Re4 $142) 35... Rb4 {Precision: White = 41%, Black = 84%.} 0-1